00743aas a2200205 4500952009000000999001700090001001000107003001000117005001700127008004100144022001400185040004100199041000800240245005000248300004500298520010400343650001300447773006900460942000800529 001040708HEMaFUSBCbFUSBCd2016-01-26l0o r2016-01-26 00:00:00w2016-01-26yANA c63488d63488768714001CO-MdFUSB20171025103627.0171025s2010 xxu||||| |||| 00| 0 spa d a2145-8197 aCO-MdFUSBbspacCO-MdFUSBdCO-MdFUSB aspa 0aDos Campeones Mundiales de Boxeoc/ El Tiempo aNúmero 7 (2010), página 20c: 28 cm.1 aKid Pambelé y Rocky Valdés le dan al país triunfos inolvidables en un deporte con seguidores.14aHISTORIA0 tdk100049432959932gNúmero 7 (2010), página 20qPágina 20 cANA